00665nam a2200157 a 450000100100000000500170001000800410002704000250006824501230009326000680021630000200028450000720030404900090037695201050038599900170049000002903720200930055306.0110413s20uu dr 000 0 spa d aDO-SdBNPbspacBNPHU00aEugenio María de Hostos, conmemoración del centenario del fallecimiento del maestro y humanista latinoamericano /. a[Santo Domingo] :bSecretaría de Estado de Cultura,c[200-?]. a15 P. ;c22 cm. aCentenario del fallecimiento de Eugenio María de Hostos 1903-2003 aBNPD 0010718PDaPDbPDcHDd2011-04-13iLF1l0o p29037-10r2020-06-25w2020-06-25yLFPDZNo se presta c28529d28529